000 00754nam a2200217 a 4500
999 _c6631
_d6631
001 6631
003 BD-JhCC
005 20180128103112.0
008 180127s1390 bg |||| |||| 000 0 ben d
035 _a(BD-JhCC) 6631
040 _aBD-JhCC
_dBD-JhCC
041 _aben
082 _bISL 1390
_a297.18
100 _aইসলাম, মোঃ তারিকুল ইসলাম
245 _aহযরত মুজাদ্দেদে আলফেসানী (রঃ) /
_bমোঃ তারিকুল ইসলাম ইসলাম
260 _aঢাকা :
_bবিউটি বুক হাউস ,
_c১৩৯০.
300 _a২৫৫ পৃ :
_c২০ সেমি.
650 _aIslamic Legend
942 _2ddc
_cBK